历任香港特别行政区行政长官 Chief Executives of Hong Kong - Statistics

General Stats
  • This quiz has been taken 128 times
  • The average score is 4 of 5
Answer Stats
在任时间 行政长官 % Correct
2017-2022 林郑月娥
92%
1997-2005 董建华
80%
2022-今 李家超
80%
2012-2017 梁振英
69%
2005-2012 曾荫权
60%
No matching quizzes found
Score Distribution
Percent of People with Each Score
Percentile by Number Answered
Your Score History
You have not taken this quiz